El conocimiento organizado de un hombre de Trento : la biblioteca de Pedro del Frago, obispo de Huesca, en 1584 /

Detalles Bibliográficos
Autor principal: Pedraza Gracia, Manuel José, 1959- (Autor)
Formato: Electrónico eBook
Lenguaje:español
Publicado: Zaragoza, España : Prensas Universitarias de Zaragoza, 2011.
Colección:Humanidades (Zaragoza, Spain) ; 90.
Materias:
Acceso en línea:Digitalia Hispánica

MARC

LEADER 00000nam a2200000 i 4500
001 DIGPUZ0531
003 NyNyDIG
007 cr |||||||||||
008 220708s2011 sp a ob 000 0 spa d
006 m o d
035 |a (OCoLC)889261492 
040 |a DGITA  |b eng  |e rda  |e pn  |c DGITA 
020 |a 9788415274094  |q eBook 
020 |z 9788415031932 
043 |a e-sp--- 
050 1 4 |a Z997.F797 ebook 
082 1 4 |a 027.146555 
100 1 |a Pedraza Gracia, Manuel José,  |d 1959-  |e author. 
245 1 3 |a El conocimiento organizado de un hombre de Trento :  |b la biblioteca de Pedro del Frago, obispo de Huesca, en 1584 /  |c Manuel José Pedraza Gracia. 
264 1 |a Zaragoza, España :  |b Prensas Universitarias de Zaragoza,  |c 2011. 
300 |a 1 online resource :  |b illustrations. 
336 |a text  |b txt  |2 rdacontent 
337 |a computer  |b c  |2 rdamedia 
338 |a online resource  |b cr  |2 rdacarrier 
347 |a text file  |2 rdaft 
347 |b PDF 
490 1 |a Colección Humanidades ;  |v no. 90 
504 |a Includes bibliographical references and index. 
588 0 |a Online resource; title from PDF title page (Digitalia, viewed July 8, 2022) 
600 1 0 |a Frago y Garcés, Pedro del  |x Library  |v Catalogs. 
650 0 |a Private libraries  |z Spain  |z Huesca  |v Catalogs. 
600 1 0 |a Frago y Garcés, Pedro del  |x Library  |x History. 
650 0 |a Private libraries  |z Spain  |z Huesca  |x History  |y 16th century. 
655 0 |a Electronic books. 
791 2 |a Digitalia (Firm),  |e distributor. 
793 0 |g Digitalia eBook Collection:  |a Prensas Universitarias de Zaragoza 
776 0 8 |i Print version:  |a Pedraza Gracia, Manuel José, 1959-  |t Conocimiento organizado de un hombre de Trento.  |b 1a edición.  |d Zaragoza, España : Prensas Universitarias de Zaragoza, 2011  |z 9788415031932 
830 0 |a Humanidades (Zaragoza, Spain) ;  |v 90. 
856 4 0 |3 Digitalia Hispánica  |u https://www.digitaliapublishing.com/a/23445/ 
910 |a Premium collection: 2022